000 01044nas a2200325 4500
001 BR9701022
003 BR-BrBNA
005 20231205100003.0
007 ta
008 230509b bl.|||p| |||| 00| 00por d
040 _aBR-BrBNA
_bpor
_cBiblioteca Nacional de Agricultura
041 _a(Pt)
072 _aP36; F04
100 1 _aBezerra, J.E.F.
100 1 _aSilva, A.B. da
100 1 _aLederman, I.E.
100 1 _aReis, R.M.G.
245 1 _aManejo dos restos culturais do abacaxizeiro e sua influencia na producao, qualidade dos frutos e na erosao do solo: 2 - dados do terceiro e quarto ciclos de producao
650 _aAbacaxi
650 _aManejo do Solo
650 _aConservacao do Solo
650 _aResiduo Organico
650 _aADUBO ORGÂNICO
650 _aFertilizante
650 _aAdubacao
650 _aPernambuco
773 0 _tRevista Brasileira de Fruticultura (Brazil)
_xISSN 0100-2945
_g(Aug 1995), v. 17(2) p. 101-110
_wBR9701022
909 _a202311
_bLúcia
_c55
_dLúcia Elande
942 _2AGRIS
_n0
_cANA
999 _c153817
_d153817